[Event "52nd URS-ch"]
[Site "Riga URS"]
[Date "1985.??.??"]
[Round "8"]
[White "Chernin, Alexander"]
[Black "Petrosian, Arshak"]
[Result "1-0"]
[WhiteElo "2495"]
[BlackElo "2510"]
[EventDate "1985.01.22"]
[PlyCount "83"]

1.d4 Nf6 2.c4 e6 3.Nf3 d5 4.Nc3 Be7 5.Bg5 h6 6.Bxf6 Bxf6 7.e3 O-O 8.Qd2 
Nc6 ( 8...dxc4 9.Bxc4 Nc6 ( 9...Nd7 ) 10.Ne4 Be7 11.O-O b6 12.a3 Bb7 13.
Qd3 Bd6 14.Rfd1 ) ( 8...c5 9.dxc5 dxc4 10.Bxc4 Nd7 11.Ne4 Be7 12.c6 ) 9.
Rc1 ( 9.O-O-O dxc4 10.Bxc4 e5 11.d5 Ne7 12.h4 Bg4 13.Rdg1 c6 14.Nh2 cxd5 
15.Nxg4 dxc4 16.Nxf6+ gxf6 17.Qe2 ) ( 9.Rd1 dxc4 10.Bxc4 e5 11.d5 Ne7 12.
Ne4 Nf5 13.Qe2 Nd6 14.Nfd2 Be7 ) 9...a6 10.Be2 ( 10.h3 dxc4 11.Bxc4 e5 12.
d5 Na7 13.O-O Nb5 14.Nxb5 axb5 15.Bb3 e4 16.Nd4 Be5 17.Qc2 Qe8 18.f4 Bd6 
19.Qe2 ) 10...dxc4 11.Bxc4 e5 12.d5 Na7 13.Qc2 Nb5 14.Nxb5 ( 14.Bxb5 axb5 
15.a3 c6 16.dxc6 bxc6 17.O-O Be6 18.Rfd1 Qe7 19.Ne4 ) 14...axb5 15.Bb3 e4 
16.Qxe4 ( 16.Nd4 Bxd4 17.exd4 c6 18.dxc6 Qxd4 19.O-O bxc6 20.Qxc6 Bd7 21.
Qd5 Qxd5 22.Bxd5 Ra6 23.Rfd1 ) 16...Bxb2 17.Rc2 Ba3 ( 17...Qf6 18.Nd4 Bxd4
19.Qxd4 ) 18.O-O Bd6 ( 18...Re8 19.Qd3 c5 20.Qxb5 Ra5 21.Qe2 b5 ) 19.Nd4 
Bd7 20.Qd3 Qe8 21.Nf5 ( 21.Rfc1 ) 21...Bxf5 22.Qxf5 Qe7 23.g3 Rae8 ( 23...
Rfe8 ) 24.Re1 b4 ( 24...Qg5 25.Qd3 b4 ) 25.Rce2 Be5 26.e4 Qc5 27.Rd1 g6 
28.Qf3 Kg7 29.Kg2 Qd6 30.h4 Bc3 ( 30...h5 ) 31.Rd3 Qe5 ( 31...Re5 ) 32.d6 
cxd6 33.Rd5 Qe7 ( 33...Qf6 34.Qd3 Rd8 35.Re3 ) 34.Qd3 Rd8 35.a3 Qf6 ( 
35...h5 36.Re3 f6 ) 36.Re3 h5 37.axb4 Ba1 ( 37...Bxb4 38.Rf3 Qb2 39.Rb5 
Bc5 40.Rxb7 ) 38.Qd1 Rfe8 ( 38...Bb2 ) 39.Rf3 Qb2 40.Rd2 ( 40.Ra5 ) 40...
Qe5 41.Rxf7+ Kh8 42.Bd5 1-0

[Event "52nd URS-ch"]
[Site "Riga URS"]
[Date "1985.??.??"]
[Round "9"]
[White "Balashov, Yury"]
[Black "Lputian, Smbat"]
[Result "1-0"]
[WhiteElo "2495"]
[BlackElo "2530"]
[EventDate "1985.01.22"]
[PlyCount "81"]

1.e4 e6 2.d4 d5 3.Nd2 c5 4.Ngf3 Nc6 5.exd5 exd5 6.Bb5 Bd6 7.dxc5 Bxc5 8.
O-O Ne7 9.Nb3 Bd6 10.Re1 O-O 11.Bg5 Bg4 12.Bh4 h6 ( 12...a6 13.Be2 Re8 14.
Nfd4 Bd7 15.Bg4 Ne5 16.Nf5 Bxf5 17.Bxf5 Nc4 18.Nd4 Nxb2 19.Qh5 g6 20.Qh6 
Qa5 21.Be6 ) 13.Bg3 Bxg3 14.hxg3 Nf5 15.Qd3 Bxf3 16.Qxf3 Nfd4 17.Nxd4 Nxd4
18.Qd3 Qb6 19.Ba4 Rad8 20.Rad1 Nc6 21.Bb3 d4 22.Re4 Rd7 23.c3 Na5 24.Rxd4 
Nxb3 25.Rxd7 Nc5 26.Rd6 Qxb2 27.Qc4 Ne6 28.Qb3 Qe2 29.R6d2 Qa6 30.Qb4 b6 
31.a3 Qc8 32.Rd7 Qa8 33.Qe7 Qc6 34.Rxa7 Qxc3 35.Qb4 Qc6 36.Ra6 Qc2 37.Qb1 
Qc3 38.Qxb6 Nc5 39.Ra7 Re8 40.Qb4 Qc2 41.Qd2 1-0